000 00464nam a2200145Ia 4500
008 170224s9999 xx 000 0 und d
100 _aMartin Carlsson-Wall
245 _aStrategic management accounting in close inter-organisational relationships
245 _cMartin Carlsson-Wall, Kalle Kraus & Johnny Lind
260 _bAccounting and Business Research
260 _c2015
300 _a45:1, pages 27-54
650 _xAccountancy
650 _xAccounting
999 _c316088
_d316088